Robotisation de la fécondation in vitro : avantages, état actuel et perspectives (notice n° 1825983)

détails MARC
000 -LEADER
fixed length control field 01543cam a2200289 4500500
005 - DATE AND TIME OF LATEST TRANSACTION
control field 20260329003615.0
041 ## - LANGUAGE CODE
Language code of text/sound track or separate title fre
042 ## - AUTHENTICATION CODE
Authentication code dc
100 10 - MAIN ENTRY--PERSONAL NAME
Personal name Gerena, Edison
Relator term author
245 00 - TITLE STATEMENT
Title Robotisation de la fécondation in vitro : avantages, état actuel et perspectives
260 ## - PUBLICATION, DISTRIBUTION, ETC.
Date of publication, distribution, etc. 2024.<br/>
500 ## - GENERAL NOTE
General note 40
520 ## - SUMMARY, ETC.
Summary, etc. This mini-review highlights advances in the robotisation of in vitro fertilisation: from the advantages it offers, to recent innovations in the Assisted Reproductive Technology (ART) field to new micromanipulation techniques adapted to the changing needs of ART laboratories.
520 ## - SUMMARY, ETC.
Summary, etc. Cette mini-revue met en lumière les avancées dans la robotisation de la fécondation in vitro : des avantages qu’elle offre, en passant par des innovations récentes dans le parcours d’assistance médicale à la procréation (AMP) et aux nouvelles techniques de micromanipulation adaptées à l’évolution des besoins de laboratoires d’AMP.
690 ## - LOCAL SUBJECT ADDED ENTRY--TOPICAL TERM (OCLC, RLIN)
Topical term or geographic name as entry element fécondation
690 ## - LOCAL SUBJECT ADDED ENTRY--TOPICAL TERM (OCLC, RLIN)
Topical term or geographic name as entry element in vitro
690 ## - LOCAL SUBJECT ADDED ENTRY--TOPICAL TERM (OCLC, RLIN)
Topical term or geographic name as entry element robotisation
690 ## - LOCAL SUBJECT ADDED ENTRY--TOPICAL TERM (OCLC, RLIN)
Topical term or geographic name as entry element in vitro fertilisation
690 ## - LOCAL SUBJECT ADDED ENTRY--TOPICAL TERM (OCLC, RLIN)
Topical term or geographic name as entry element robotisation
700 10 - ADDED ENTRY--PERSONAL NAME
Personal name Dupont, Charlotte
Relator term author
700 10 - ADDED ENTRY--PERSONAL NAME
Personal name Banrezes, Bernadette
Relator term author
700 10 - ADDED ENTRY--PERSONAL NAME
Personal name Chavatte-Palmer, Pascale
Relator term author
700 10 - ADDED ENTRY--PERSONAL NAME
Personal name Lévy, Rachel
Relator term author
700 10 - ADDED ENTRY--PERSONAL NAME
Personal name Haliyo, Sinan
Relator term author
786 0# - DATA SOURCE ENTRY
Note Médecine de la Reproduction | 26 | 1 | 2024-01-09 | p. 74-81 | 2650-8427
856 41 - ELECTRONIC LOCATION AND ACCESS
Uniform Resource Identifier <a href="https://stm.cairn.info/revue-medecine-de-la-reproduction-2024-1-page-74?lang=fr&redirect-ssocas=7080">https://stm.cairn.info/revue-medecine-de-la-reproduction-2024-1-page-74?lang=fr&redirect-ssocas=7080</a>

Pas d'exemplaire disponible.

PLUDOC

PLUDOC est la plateforme unique et centralisée de gestion des bibliothèques physiques et numériques de Guinée administré par le CEDUST. Elle est la plus grande base de données de ressources documentaires pour les Étudiants, Enseignants chercheurs et Chercheurs de Guinée.

Adresse

627 919 101/664 919 101

25 boulevard du commerce
Kaloum, Conakry, Guinée

Réseaux sociaux

Powered by Netsen Group @ 2025